Groundwater quality in ten towns of Uttar Pradesh.

Saved in:
Bibliographic Details
Corporate Author: India. Central Pollution Control Board.
Format: Book
Language:English
Published: Delhi : Central Pollution Control Board, 1995.
Series:Groundwater quality series ; GWQS/1995-96/5.
Subjects:
Tags: Add Tag
No Tags, Be the first to tag this record!
LEADER 00948aam a2200289 a 4500
001 007769410-4
005 20020606104010.5
008 961012s1995 ii ab 000 0 eng
010 |a  96904902  
020 |a 8186396373 
035 0 |a ocm35742013 
040 |a DLC  |c DLC 
042 |a lcode 
043 |a a-ii--- 
050 0 0 |a TD303.U88  |b G76 1995 
082 0 0 |a 363.739/42/09542  |2 21 
245 0 0 |a Groundwater quality in ten towns of Uttar Pradesh. 
260 |a Delhi :  |b Central Pollution Control Board,  |c 1995. 
300 |a iv, 88 p. :  |b ill., maps ;  |c 29 cm. 
490 1 |a Groundwater quality series ;  |v GWQS/5/1995-96 
500 |a "Pollution Prevention Day release"--Cover. 
650 0 |a Groundwater  |z India  |z Uttar Pradesh  |x Quality. 
650 0 |a Municipal water supply  |z India  |z Uttar Pradesh. 
710 1 |a India.  |b Central Pollution Control Board. 
830 0 |a Groundwater quality series ;  |v GWQS/1995-96/5. 
988 |a 20020608 
906 |0 DLC